| 000 | 00824nam a2200265Ia 4500 | ||
|---|---|---|---|
| 003 | OSt | ||
| 005 | 20220930201443.0 | ||
| 006 | a|||||r|||| 00| 0 | ||
| 007 | ta | ||
| 008 | 220926b |||||||| |||| 00| 0 hin d | ||
| 024 | _a74502 | ||
| 037 | _cDissertations | ||
| 040 |
_aCRL _cCRL _bhin |
||
| 041 |
_2hin _ahin |
||
| 100 |
_aNeerav _9565883 |
||
| 110 | _aUniversity of Delhi. Faculty of Arts. Department of Hindi | ||
| 245 | 0 |
_aRam Vilas Sharma ka saundrya chintan _b Aastha aur saundarya ke sandharbh mein |
|
| 260 | _c1986 | ||
| 300 |
_a161p. _ccm. |
||
| 650 |
_aHINDI LITERATURE _923866 |
||
| 700 |
_a Dr. Shanti Swaroop Gupt Gu. _9565884 |
||
| 700 | _aUniversity of Delhi. Faculty of Arts. Department of Hindi | ||
| 942 |
_cDIS _2CC |
||
| 999 |
_c901944 _d901944 |
||